A selected annotated bibliography on freedom movement in india : (Record no. 122894)

MARC details
000 -LEADER
fixed length control field 00835nam a22002657a 4500
003 - CONTROL NUMBER IDENTIFIER
control field dpls
005 - DATE AND TIME OF LATEST TRANSACTION
control field 20170124105917.0
008 - FIXED-LENGTH DATA ELEMENTS--GENERAL INFORMATION
fixed length control field 161212b xxu||||| |||| 00| 0 eng d
010 ## - LIBRARY OF CONGRESS CONTROL NUMBER
LC control number A-576991
020 ## - INTERNATIONAL STANDARD BOOK NUMBER
Terms of availability 250.00
International Standard Book Number 818579794
035 ## - SYSTEM CONTROL NUMBER
System control number A-576991
037 ## - SOURCE OF ACQUISITION
Source of stock number/acquisition Cen Lib/Ret
040 ## - CATALOGING SOURCE
Original cataloging agency DPL
Language of cataloging EN
Transcribing agency y
082 ## - DEWEY DECIMAL CLASSIFICATION NUMBER
Classification number 016.9540841
Item number MIT
100 ## - MAIN ENTRY--PERSONAL NAME
Personal name Mittal, S. C.
9 (RLIN) 106842
245 ## - TITLE STATEMENT
Title A selected annotated bibliography on freedom movement in india :
Statement of responsibility, etc by S. C. Mittal
Remainder of title punjab and hariyana /
246 ## - VARYING FORM OF TITLE
Remainder of title
260 ## - PUBLICATION, DISTRIBUTION, ETC. (IMPRINT)
Name of publisher, distributor, etc Aditya Prakashan
Date of publication, distribution, etc 1992
Place of publication, distribution, etc Delhi
270 ## - ADDRESS
City Delhi
Address F-12, 14/65 Model Town 2
300 ## - PHYSICAL DESCRIPTION
Extent xvi, 254p..
Dimensions 21cm(Hb)
650 ## - SUBJECT ADDED ENTRY--TOPICAL TERM
Topical term or geographic name as entry element Bibliographies
Geographic subdivision Hariyana & Punjab
9 (RLIN) 106843
650 ## - SUBJECT ADDED ENTRY--TOPICAL TERM
General subdivision
9 (RLIN) 106844
650 ## - SUBJECT ADDED ENTRY--TOPICAL TERM
Topical term or geographic name as entry element Political Movements
9 (RLIN) 106845
942 ## - ADDED ENTRY ELEMENTS (KOHA)
Source of classification or shelving scheme Dewey Decimal Classification
Koha item type English Books
Classification part 016.9540841
Call number suffix MIT
Holdings
Withdrawn status Lost status Source of classification or shelving scheme Damaged status Not for loan Collection code Home library Current library Date acquired Source of acquisition Cost, normal purchase price Total Checkouts Full call number Barcode Date last seen Copy number Cost, replacement price Price effective from Koha item type
    Dewey Decimal Classification   Not For Loan Reference Central Library Central Library 30/05/2015 Cen Lib/Ret 250.00   016.9540841 MIT A-576991 30/05/2015 1 250.00 30/05/2015 English Books

© Delhi Public Library
Hit Counter
free hit counter